Datum a čas kvízu
35
Celkem bodů
Celkový počet nahraných bodů na tomto kvízu bez doplňovacích otázek.
2.
Pořadí na kvízu
Konečné umístění týmu na tomto kvízu.
Zaznamenané odpovědi
| # | Otázka | Odpověď | Body | Výsledky |
|---|---|---|---|---|
| 1. | Minulý týden byla představena... | Lidl | 1 | |
| 2. | Prezidenti Sadyr Žaparov a Imo... | Kyrgyzstán, Tádžikistán | 1 | |
| 3. | Režisérka a herečka Greta Gerw... | Letopisy Narnie | 0 | |
| 4. | Dozorčí rada Moravskoslezských... | Hrušovany | 1 | |
| 5. | Jak se jmenuje italský gólman,... | Gianluigi Donnarumma | 1 | |
| 6. | V příštích pěti otázkách vždy... | C | 1 | |
| 7. | V době, kdy Lyndon B. Johnson... | Tokio, Mexico City | 0.5 | |
| 8. | Co nemohl během svého působení... | B | 0 | |
| 9. | Ze kterého města pocházel tým,... | Zlín | 1 | |
| 10. | O které z těchto událostí se z... | D | 1 |